Dlhopisy očami emitenta a investora

Dlhopisy - označované aj ako úverové cenné papiere - predstavujú alternatívnu metódu získavania kapitálu. Emitent a investor vystupujú v klasickom vzťahu ako dlžník a veriteľ. Trh s dlhopismi ako najdynamickejšia súčasť kapitálového trhu (najrozšírenejšie u nás sú štátne dlhopisy). Dlhopisy z pohľad...

Descrizione completa

Salvato in:
Dettagli Bibliografici
Autore principale: Chovancová, Božena
Natura: Capitolo di libro
Lingua:slovacco
Soggetti:
Tags: Aggiungi Tag
Nessun Tag, puoi essere il primo ad aggiungerne!!

MARC

LEADER 00000naa a2200000 4500
001 r021084
005 20221205114630.4
041 0 |a slo 
044 |a SK 
245 1 0 |a Dlhopisy očami emitenta a investora  |c Božena Chovancová 
520 |a Dlhopisy - označované aj ako úverové cenné papiere - predstavujú alternatívnu metódu získavania kapitálu. Emitent a investor vystupujú v klasickom vzťahu ako dlžník a veriteľ. Trh s dlhopismi ako najdynamickejšia súčasť kapitálového trhu (najrozšírenejšie u nás sú štátne dlhopisy). Dlhopisy z pohľadu emitenta - bankový úver, emisia obligácií. Dlhopisy z pohľadu investora - rozhodovanie o investovaní do dlhopisov. 
610 2 0 |a dlhopisy 
610 2 0 |a emitenti 
610 2 0 |a investori 
610 2 0 |a akcie 
610 2 0 |a akcionári 
610 2 0 |a úver bankový 
610 2 0 |a obligácie 
610 2 0 |a rozhodovanie 
610 2 0 |a výnosy 
610 2 0 |a trh kapitálový 
100 1 |a Chovancová, Božena